| 000 | 00772nam a2200205Ii 4500 | ||
|---|---|---|---|
| 003 | JO-AjNU | ||
| 008 | 230605s9999||||xx |||||||||||||| ||und|| | ||
| 017 | _a1987/2151 | ||
| 040 |
_aJO-AjNU _bara _erda _cJO-AjNU |
||
| 041 | _aara | ||
| 050 | 1 | 4 | _aPN1031.S2588 1987 |
| 100 | 3 |
_aعامر،سامي منير, _eauthor _919999 |
|
| 245 | 0 | 0 | _aمن أسرار الإبداع النقدي في الشعر والمسرح |
| 264 | 3 | 1 | _aالإسكندرية: منشأة المعارف بالإسكندرية، 1987 |
| 300 | _a133ص | ||
| 336 |
_atext _btxt _2rdacontent |
||
| 337 |
_aunmediated _bn _2rdamedia |
||
| 338 |
_avolume _bnc _2rdacarrier |
||
| 650 | 4 |
_a الأدب العربي - تاريخ ونقد - الشعر العربي - المسرحية العربية _920000 |
|
| 999 |
_aA6701 _c10269 _d10269 |
||